[Event "NCA-chT final"]
[Site "Managua"]
[Date "2019.11.03"]
[Round "5.4"]
[White "Berrios, Natanael"]
[Black "Guevara, Martin"]
[Result "0-1"]
[WhiteElo "1817"]
[BlackElo "2276"]
[PlyCount "92"]
[EventDate "2019.10.26"]
[EventType "team-tourn"]
[EventRounds "11"]
[EventCountry "NCA"]
[SourceTitle "EXT 2021"]
[Source "ChessBase"]
[SourceDate "2020.10.23"]
[SourceVersion "1"]
[SourceVersionDate "2020.10.23"]
[SourceQuality "1"]
[WhiteTeam "Jose Raul Capablanca"]
[BlackTeam "Yader Cabrera"]
[WhiteTeamCountry "NCA"]
[BlackTeamCountry "NCA"]

1. e4 c5 2. Nf3 Nc6 3. d4 cxd4 4. Nxd4 g6 5. c4 Bg7 6. Be3 Nf6 7. Nc3 0-0 8. Be2 d6 9. 0-0 Bd7 10. Rc1 Rc8 11. f4 Qa5 12. h3 Nxd4 13. Bxd4 Bc6 14. Qd3 Nd7 15. Bxg7 Kxg7 16. Qd4+ f6 17. Bg4 Rcd8 18. Be6 Qc5 19. Rfd1 Qxd4+ 20. Rxd4 Nc5 21. Bd5 a5 22. b3 Bd7 23. e5 fxe5 24. fxe5 dxe5 25. Rdd1 Bc6 26. Rc2 e6 27. Bxc6 Rxd1+ 28. Nxd1 bxc6 29. Rd2 Rf4 30. Ne3 Rd4 31. Re2 h5 32. Kh2 e4 33. Nc2 Rd3 34. b4 axb4 35. Nxb4 Rd6 36. a3 Kf6 37. Kg3 Ke5 38. Kf2 Kd4 39. Rd2+ Nd3+ 40. Ke2 Kxc4 41. Ke3 c5 42. Na2 Rd4 43. Nc1 Nxc1 44. Rc2+ Kd5 45. Rxc1 Rd3+ 46. Kf4 Rxa3 0-1

[Event "NCA-chT final"]
[Site "Managua"]
[Date "2019.10.26"]
[Round "1.4"]
[White "Rios, Edgard"]
[Black "Guevara, Martin"]
[Result "0-1"]
[WhiteElo "1817"]
[BlackElo "2276"]
[PlyCount "95"]
[EventDate "2019.10.26"]
[EventType "team-tourn"]
[EventRounds "11"]
[EventCountry "NCA"]
[SourceTitle "EXT 2021"]
[Source "ChessBase"]
[SourceDate "2020.10.23"]
[SourceVersion "1"]
[SourceVersionDate "2020.10.23"]
[SourceQuality "1"]
[WhiteTeam "Jane Allens Knights"]
[BlackTeam "Yader Cabrera"]
[WhiteTeamCountry "NCA"]
[BlackTeamCountry "NCA"]

1. d4 g6 2. Nf3 Bg7 3. Bf4 d6 4. h3 Nd7 5. e3 e5 6. Bh2 Nh6 7. dxe5 dxe5 8. Bc4 0-0 9. Nc3 Qe7 10. 0-0 c6 11. Bb3 Nc5 12. Qe2 a5 13. a3 Nxb3 14. cxb3 f6 15. Qc2 Be6 16. Nd2 Nf5 17. Nce4 Rfd8 18. Rfd1 Qc7 19. Rac1 Bf7 20. Qc3 Ne7 21. Qc2 Nd5 22. Nc3 Qe7 23. e4 Nc7 24. Bg3 Ne6 25. Ne2 Bh6 26. Rb1 Qc5 27. Qxc5 Nxc5 28. Nc4 Nxe4 29. Rxd8+ Rxd8 30. Nxa5 Nd2 31. Ra1 Nxb3 32. Nxb3 Bxb3 33. Nc3 Rd2 34. Ne4 Rxb2 35. Nxf6+ Kf7 36. Ng4 Bg7 37. Nxe5+ Kg8 38. Re1 Rd2 39. Nf3 Rd1 40. Rxd1 Bxd1 41. Ne5 Bf8 42. Nc4 b5 43. Nd6 Ba4 44. Kf1 Bg7 45. Nb7 Bb3 46. Bd6 Bc4+ 47. Kg1 Bd5 48. Bb4 0-1

[Event "Managua Hurtado Memorial 17th"]
[Site "Managua"]
[Date "2017.12.13"]
[Round "4"]
[White "Pilarte, Rene"]
[Black "Guevara, Martin"]
[Result "1/2-1/2"]
[WhiteElo "2132"]
[BlackElo "2236"]
[PlyCount "60"]
[EventDate "2017.12.11"]
[EventType "swiss"]
[EventRounds "9"]
[EventCountry "NCA"]
[SourceTitle "CBM 182 Extra"]
[Source "ChessBase"]
[SourceDate "2018.02.23"]
[SourceVersion "1"]
[SourceVersionDate "2018.02.23"]
[SourceQuality "1"]

1. Nf3 Nf6 2. g3 b6 3. Bg2 Bb7 4. 0-0 c5 5. c4 e6 6. Nc3 d6 7. b3 Nbd7 8. Bb2 Be7 9. d4 cxd4 10. Nxd4 Bxg2 11. Kxg2 Qc7 12. Qd2 a6 13. Rac1 0-0 14. Rfd1 Qb7+ 15. Kg1 Rac8 16. Qe3 Rfe8 17. Qf3 Qxf3 18. Nxf3 Nc5 19. Nd4 Nfe4 20. Nxe4 Nxe4 21. f3 Nf6 22. e4 Rc7 23. Kf1 Rec8 24. Ke2 Kf8 25. Rd3 Nd7 26. f4 Bf6 27. Ba3 Be7 28. Bb2 g6 29. Nf3 Nf6 30. Ng5 h6 1/2-1/2

[Event "Managua Hurtado Memorial 17th"]
[Site "Managua"]
[Date "2017.12.12"]
[Round "3"]
[White "Guevara, Martin"]
[Black "Diego Martinez, Humberto Jose"]
[Result "1-0"]
[WhiteElo "2236"]
[BlackElo "2040"]
[PlyCount "53"]
[EventDate "2017.12.11"]
[EventType "swiss"]
[EventRounds "9"]
[EventCountry "NCA"]
[SourceTitle "CBM 182 Extra"]
[Source "ChessBase"]
[SourceDate "2018.02.23"]
[SourceVersion "1"]
[SourceVersionDate "2018.02.23"]
[SourceQuality "1"]

1. e4 c5 2. Nf3 d6 3. d4 cxd4 4. Nxd4 Nf6 5. Nc3 a6 6. Bg5 e6 7. f4 b5 8. a3 Bb7 9. Qe2 Qb6 10. 0-0-0 Nbd7 11. f5 e5 12. Nb3 Rc8 13. Rd3 Rxc3 14. Rxc3 Be7 15. Nd2 Nc5 16. Bxf6 Bxf6 17. h4 Na4 18. Rd3 0-0 19. g4 Nc5 20. Rg3 Rc8 21. g5 Be7 22. f6 Bf8 23. Bh3 Rc7 24. fxg7 Bxg7 25. Bf5 d5 26. h5 b4 27. axb4 1-0

[Event "NCA-ch op"]
[Site "Managua"]
[Date "2017.09.16"]
[Round "7"]
[White "Guevara, Martin"]
[Black "Sanchez, Steven"]
[Result "1-0"]
[WhiteElo "2228"]
[BlackElo "2018"]
[PlyCount "67"]
[EventDate "2017.09.02"]
[EventType "swiss"]
[EventRounds "9"]
[EventCountry "NCA"]
[SourceTitle "EXT 2018"]
[Source "ChessBase"]
[SourceDate "2017.10.13"]
[SourceVersion "1"]
[SourceVersionDate "2017.10.13"]
[SourceQuality "1"]

1. e4 c5 2. Nf3 e6 3. Nc3 Nc6 4. Bb5 Nge7 5. 0-0 a6 6. Be2 Nd4 7. Nxd4 cxd4 8. Nb1 Nc6 9. c3 Bc5 10. d3 b5 11. Nd2 Bb7 12. a3 0-0 13. b4 Ba7 14. c4 d5 15. exd5 exd5 16. cxb5 axb5 17. Nb3 Bb8 18. Bb2 Re8 19. g3 Be5 20. Rc1 f5 21. f4 Bc7 22. Bf3 Bb6 23. Nc5 Bc8 24. Qb3 Ne7 25. Bxd4 Bxc5 26. Rxc5 Be6 27. Qb2 Nc8 28. Bxg7 Qd7 29. Bd4 Nb6 30. Qc1 Rec8 31. Qe3 Rxa3 32. Qe5 Kf8 33. Qh8+ Bg8 34. Qf6+ 1-0

[Event "NCA-ch op"]
[Site "Managua"]
[Date "2017.09.10"]
[Round "6"]
[White "Ortiz, Marcos"]
[Black "Guevara, Martin"]
[Result "1/2-1/2"]
[WhiteElo "2232"]
[BlackElo "2228"]
[PlyCount "60"]
[EventDate "2017.09.02"]
[EventType "swiss"]
[EventRounds "9"]
[EventCountry "NCA"]
[SourceTitle "EXT 2018"]
[Source "ChessBase"]
[SourceDate "2017.10.13"]
[SourceVersion "1"]
[SourceVersionDate "2017.10.13"]
[SourceQuality "1"]

1. e4 e5 2. Nf3 Nf6 3. Nxe5 d6 4. Nf3 Nxe4 5. Qe2 Qe7 6. d3 Nc5 7. Nc3 Qxe2+ 8. Bxe2 Ne6 9. Be3 c6 10. 0-0-0 f6 11. Rhe1 Kf7 12. d4 d5 13. Bd3 Bd6 14. Ne2 Nd7 15. Ng3 g6 16. Kb1 Nf4 17. Bf1 Re8 18. Ne2 Nxe2 19. Bxe2 Nf8 20. h3 Ne6 21. Bf1 Bd7 22. Ng1 Re7 23. c3 Rae8 24. Bd2 Nf4 25. Rxe7+ Rxe7 26. Be3 h5 27. Ne2 Bf5+ 28. Ka1 Nxe2 29. Bxe2 Be4 30. Bf1 h4 1/2-1/2

[Event "NCA-ch op"]
[Site "Managua"]
[Date "2017.09.09"]
[Round "4"]
[White "Ortiz, Heriberto"]
[Black "Guevara, Martin"]
[Result "0-1"]
[WhiteElo "1915"]
[BlackElo "2228"]
[PlyCount "96"]
[EventDate "2017.09.02"]
[EventType "swiss"]
[EventRounds "9"]
[EventCountry "NCA"]
[SourceTitle "EXT 2018"]
[Source "ChessBase"]
[SourceDate "2017.10.13"]
[SourceVersion "1"]
[SourceVersionDate "2017.10.13"]
[SourceQuality "1"]

1. d4 Nf6 2. c4 e6 3. Nc3 Bb4 4. Bg5 c5 5. d5 h6 6. Bh4 d6 7. Nf3 g5 8. Bg3 Ne4 9. Qc2 exd5 10. cxd5 Bf5 11. Qb3 Nd7 12. e3 h5 13. h4 Nxg3 14. fxg3 Qe7 15. 0-0-0 g4 16. e4 Bg6 17. Ng5 0-0 18. Bd3 Ne5 19. Bc2 a5 20. Ne2 a4 21. Qe3 a3 22. b3 Qf6 23. Rdf1 Qg7 24. Rf4 c4 25. Rhf1 Nd3+ 26. Kd1 Nb2+ 27. Kc1 Nd3+ 28. Kd1 Nb2+ 29. Kc1 Nd3+ 30. Kd1 Qa1+ 31. Nc1 Nxf4 32. gxf4 cxb3 33. Bxb3 Rac8 34. f5 Rc3 35. Qd2 Rfc8 36. Ke2 Rxb3 37. Nxb3 Qxf1+ 38. Kxf1 Bxd2 39. Nxd2 f6 40. Ne6 Be8 41. Nd4 Rc1+ 42. Ke2 Ra1 43. Kd3 Rxa2 44. Kc3 Ba4 45. g3 Rxd2 46. Kxd2 a2 47. Ne2 a1Q 48. Nf4 Qd4+ 0-1

[Event "Managua Gomez Argenal Memorial"]
[Site "Managua"]
[Date "2017.06.03"]
[Round "1"]
[White "Guevara, Martin"]
[Black "Pichardo, Carlos"]
[Result "1-0"]
[WhiteElo "2227"]
[BlackElo "1754"]
[PlyCount "83"]
[EventDate "2017.06.03"]
[EventType "swiss"]
[EventRounds "9"]
[EventCountry "NCA"]
[SourceTitle "EXT 2018"]
[Source "ChessBase"]
[SourceDate "2017.10.13"]
[SourceVersion "1"]
[SourceVersionDate "2017.10.13"]
[SourceQuality "1"]

1. d4 d5 2. c4 c6 3. Nf3 e6 4. Qc2 Be7 5. g3 Nd7 6. Bg2 Ngf6 7. 0-0 0-0 8. Nbd2 b6 9. e4 dxe4 10. Nxe4 Bb7 11. Rd1 Nxe4 12. Qxe4 Nf6 13. Qe2 Qc7 14. Bf4 Qc8 15. Rac1 Re8 16. Ne5 c5 17. Bg5 Bxg2 18. Kxg2 Qb7+ 19. Qf3 Qxf3+ 20. Kxf3 Rac8 21. Be3 Bf8 22. dxc5 Bxc5 23. Nd7 Be7 24. Nxf6+ Bxf6 25. b3 Red8 26. Rxd8+ Bxd8 27. Rd1 Kf8 28. Rd7 Ra8 29. Rb7 Ke8 30. Bf4 Be7 31. Bb8 Bc5 32. Bxa7 g6 33. a4 Rd8 34. Ke2 Bb4 35. Bxb6 Rd2+ 36. Kf1 Ra2 37. c5 Rc2 38. a5 Rc1+ 39. Kg2 e5 40. a6 Bxc5 41. Bxc5 Rxc5 42. a7 1-0

[Event "Managua Dario Memorial-A 1st"]
[Site "Managua"]
[Date "2017.05.21"]
[Round "9"]
[White "Davila, Carlos"]
[Black "Guevara, Martin"]
[Result "1/2-1/2"]
[WhiteElo "2258"]
[BlackElo "2201"]
[PlyCount "62"]
[EventDate "2017.05.06"]
[EventType "tourn"]
[EventRounds "9"]
[EventCountry "NCA"]
[SourceTitle "EXT 2018"]
[Source "ChessBase"]
[SourceDate "2017.10.13"]
[SourceVersion "1"]
[SourceVersionDate "2017.10.13"]
[SourceQuality "1"]

1. e4 e5 2. Nf3 Nc6 3. Bb5 a6 4. Ba4 Nf6 5. 0-0 b5 6. Bb3 Be7 7. Re1 d6 8. c3 0-0 9. h3 Bb7 10. d4 Re8 11. Nbd2 Bf8 12. a4 h6 13. d5 Na5 14. Bc2 c6 15. dxc6 Bxc6 16. Nf1 Qd7 17. axb5 axb5 18. Ng3 Qb7 19. b3 d5 20. b4 Nc4 21. Rxa8 Qxa8 22. Qe2 dxe4 23. Nxe4 Nxe4 24. Bxe4 Bxe4 25. Qxe4 Qxe4 26. Rxe4 f6 27. Kf1 Rc8 28. Re2 Nb6 29. Bb2 Kf7 30. Rd2 Ke6 31. Re2 Kf7 1/2-1/2

[Event "Managua Dario Memorial-A 1st"]
[Site "Managua"]
[Date "2017.05.20"]
[Round "7"]
[White "Alfaro Caracas, William"]
[Black "Guevara, Martin"]
[Result "1/2-1/2"]
[WhiteElo "2162"]
[BlackElo "2201"]
[PlyCount "60"]
[EventDate "2017.05.06"]
[EventType "tourn"]
[EventRounds "9"]
[EventCountry "NCA"]
[SourceTitle "EXT 2018"]
[Source "ChessBase"]
[SourceDate "2017.10.13"]
[SourceVersion "1"]
[SourceVersionDate "2017.10.13"]
[SourceQuality "1"]

1. d4 e6 2. c4 d5 3. Nf3 Nf6 4. g3 c5 5. cxd5 Nxd5 6. Bg2 cxd4 7. 0-0 Be7 8. Nxd4 0-0 9. e4 Nb4 10. Nc3 N8c6 11. Nxc6 Nxc6 12. Be3 Qa5 13. Qa4 Qxa4 14. Nxa4 e5 15. Rfd1 Bg4 16. f3 Be6 17. Nc5 Bxc5 18. Bxc5 Rfd8 19. b3 b6 20. Bd6 f6 21. f4 Rd7 22. Ba3 Nd4 23. f5 Bf7 24. Kf2 Bh5 25. Rd2 Bf7 26. Rad1 Bh5 27. Rc1 Bf7 28. Bb2 Rad8 29. Rcd1 Bh5 30. Rc1 Bf7 1/2-1/2

[Event "Managua Dario Memorial-A 1st"]
[Site "Managua"]
[Date "2017.05.13"]
[Round "4"]
[White "Pilarte, Rene"]
[Black "Guevara, Martin"]
[Result "1/2-1/2"]
[WhiteElo "2139"]
[BlackElo "2201"]
[PlyCount "48"]
[EventDate "2017.05.06"]
[EventType "tourn"]
[EventRounds "9"]
[EventCountry "NCA"]
[SourceTitle "EXT 2018"]
[Source "ChessBase"]
[SourceDate "2017.10.13"]
[SourceVersion "1"]
[SourceVersionDate "2017.10.13"]
[SourceQuality "1"]

1. Nf3 c5 2. c4 Nf6 3. g3 b6 4. Bg2 Bb7 5. 0-0 e6 6. Nc3 Be7 7. b3 d5 8. cxd5 Nxd5 9. Nxd5 Bxd5 10. Bb2 Bf6 11. Bxf6 Qxf6 12. d4 Nd7 13. dxc5 Nxc5 14. b4 Ne4 15. Qa4+ Ke7 16. Rac1 Nc3 17. Qc2 Rac8 18. a3 Rhd8 19. Kh1 Be4 20. Qb3 Bd5 21. Qc2 Be4 22. Qb3 Bd5 23. Qc2 Be4 24. Qb3 Bd5 1/2-1/2

[Event "NCA-ch"]
[Site "Managua"]
[Date "2017.03.25"]
[Round "10"]
[White "Guevara, Martin"]
[Black "Ortiz, Marcos"]
[Result "1/2-1/2"]
[WhiteElo "2179"]
[BlackElo "2251"]
[PlyCount "61"]
[EventDate "2017.03.04"]
[EventType "tourn"]
[EventRounds "11"]
[EventCountry "NCA"]
[SourceTitle "EXT 2018"]
[Source "ChessBase"]
[SourceDate "2017.10.13"]
[SourceVersion "1"]
[SourceVersionDate "2017.10.13"]
[SourceQuality "1"]

1. e4 c5 2. Nf3 d6 3. Bb5+ Nd7 4. c4 a6 5. Ba4 Ngf6 6. Nc3 g6 7. 0-0 Bg7 8. d3 0-0 9. Bxd7 Nxd7 10. Be3 b5 11. Qd2 bxc4 12. dxc4 Re8 13. Bh6 Bh8 14. Nd5 Rb8 15. Rab1 Nf8 16. h3 Ne6 17. b3 Nd4 18. Nxd4 Bxd4 19. Be3 Bg7 20. Bg5 Bb7 21. Rfe1 Bd4 22. Be3 Bg7 23. Bg5 Bd4 24. Be3 e6 25. Nc3 Bg7 26. Rbd1 Qa5 27. Na4 Qxd2 28. Rxd2 Bf8 29. Bf4 e5 30. Bg5 f5 31. f3 1/2-1/2

[Event "NCA-ch"]
[Site "Managua"]
[Date "2017.03.11"]
[Round "4"]
[White "Guevara, Martin"]
[Black "Garcia, Antonio3333"]
[Result "1-0"]
[WhiteElo "2179"]
[BlackElo "1970"]
[PlyCount "95"]
[EventDate "2017.03.04"]
[EventType "tourn"]
[EventRounds "11"]
[EventCountry "NCA"]
[SourceTitle "EXT 2018"]
[Source "ChessBase"]
[SourceDate "2017.10.13"]
[SourceVersion "1"]
[SourceVersionDate "2017.10.13"]
[SourceQuality "1"]

1. g3 d5 2. Bg2 c6 3. d3 Nf6 4. Nd2 g6 5. Ngf3 Bg7 6. 0-0 0-0 7. h3 Qc7 8. e4 dxe4 9. dxe4 Nbd7 10. Re1 Ne5 11. Nxe5 Qxe5 12. Nc4 Qc5 13. b3 Be6 14. Ba3 Qh5 15. Bxe7 Rfe8 16. Bxf6 Qxd1 17. Raxd1 Bxf6 18. Nd6 Re7 19. e5 Bg5 20. f4 f6 21. exf6 Bxf6 22. Nxb7 Rc8 23. Nd6 Rcc7 24. Ne4 Bb2 25. Ng5 Bf7 26. Rxe7 Rxe7 27. Bxc6 h6 28. Nxf7 Kxf7 29. Rd7 a5 30. Kf2 Bc3 31. Kf3 Kf6 32. Rd6+ Re6 33. Rxe6+ Kxe6 34. Ke4 Kf6 35. g4 Be1 36. Bb5 Bd2 37. Bd3 g5 38. f5 Bc3 39. Kd5 Ke7 40. Kc4 Bf6 41. c3 Kd6 42. b4 axb4 43. cxb4 Ke5 44. Kb5 Kd4 45. Bf1 Ke3 46. a4 Kf3 47. a5 Be7 48. a6 1-0

[Event "NCA-ch"]
[Site "Managua"]
[Date "2017.03.05"]
[Round "2"]
[White "Guevara, Martin"]
[Black "Espinoza, Felix"]
[Result "1/2-1/2"]
[WhiteElo "2179"]
[BlackElo "2175"]
[PlyCount "62"]
[EventDate "2017.03.04"]
[EventType "tourn"]
[EventRounds "11"]
[EventCountry "NCA"]
[SourceTitle "EXT 2018"]
[Source "ChessBase"]
[SourceDate "2017.10.13"]
[SourceVersion "1"]
[SourceVersionDate "2017.10.13"]
[SourceQuality "1"]

1. c4 Nf6 2. Nc3 g6 3. g3 Bg7 4. Bg2 0-0 5. Rb1 d6 6. b4 e5 7. d3 c6 8. Nf3 Re8 9. b5 d5 10. bxc6 Nxc6 11. Nd2 d4 12. Nd5 Nxd5 13. cxd5 Ne7 14. Qb3 Rb8 15. 0-0 Nf5 16. Nc4 Nd6 17. Nxd6 Qxd6 18. Ba3 Qd8 19. Rfc1 Bf8 20. Bxf8 Rxf8 21. Qa3 a5 22. Qc5 b6 23. Qc7 Qxc7 24. Rxc7 Rd8 25. Re7 f6 26. Rc1 Bb7 27. Rcc7 Bxd5 28. Rg7+ Kf8 29. Bxd5 Rxd5 30. Rxh7 Kg8 31. Rhg7+ Kf8 1/2-1/2

[Event "NCA-ch"]
[Site "Managua"]
[Date "2017.03.04"]
[Round "1"]
[White "Guevara, Martin"]
[Black "Rocha, Maximiliano"]
[Result "1/2-1/2"]
[WhiteElo "2179"]
[BlackElo "2154"]
[PlyCount "66"]
[EventDate "2017.03.04"]
[EventType "tourn"]
[EventRounds "11"]
[EventCountry "NCA"]
[SourceTitle "EXT 2018"]
[Source "ChessBase"]
[SourceDate "2017.10.13"]
[SourceVersion "1"]
[SourceVersionDate "2017.10.13"]
[SourceQuality "1"]

1. c4 e5 2. Nc3 Nc6 3. e3 Bc5 4. Na4 Be7 5. a3 Nf6 6. b4 d6 7. Bb2 0-0 8. d3 Re8 9. Nf3 e4 10. dxe4 Nxe4 11. Bd3 Bf6 12. Qc2 Bxb2 13. Qxb2 Bf5 14. 0-0 Bg6 15. Rfd1 Qe7 16. Rac1 Bh5 17. Be2 Ne5 18. Nxe5 Bxe2 19. Nc6 Qh4 20. Qxe2 bxc6 21. f3 Nf6 22. e4 Qh5 23. Nc3 a5 24. b5 d5 25. cxd5 cxd5 26. Rd4 h6 27. Qd3 dxe4 28. Nxe4 Nxe4 29. fxe4 Re5 30. a4 Rae8 31. Rxc7 R8e6 32. Qf3 Qg6 33. Rd8+ Kh7 1/2-1/2

[Event "NCA-ch Seniors"]
[Site "Managua"]
[Date "2016.08.06"]
[Round "3"]
[White "Castillo, Rommel"]
[Black "Guevara, Martin"]
[Result "1/2-1/2"]
[WhiteElo "2037"]
[BlackElo "2177"]
[PlyCount "64"]
[EventDate "2016.08.06"]
[EventType "swiss"]
[EventRounds "9"]
[EventCountry "NCA"]
[SourceTitle "EXT 2018"]
[Source "ChessBase"]
[SourceDate "2017.10.13"]
[SourceVersion "1"]
[SourceVersionDate "2017.10.13"]
[SourceQuality "1"]

1. c4 Nf6 2. Nc3 d5 3. cxd5 Nxd5 4. Nf3 c5 5. g3 Nxc3 6. bxc3 b6 7. Bg2 Bb7 8. 0-0 Nd7 9. Qb3 e6 10. a4 Be7 11. a5 0-0 12. d4 Be4 13. Rd1 Qc8 14. Ng5 Bxg2 15. Kxg2 Qc6+ 16. d5 exd5 17. Qxd5 Qxd5+ 18. Rxd5 Nf6 19. Rd3 c4 20. Rd4 b5 21. a6 Bc5 22. Rd1 Rfe8 23. e3 Rad8 24. Bb2 h6 25. Nf3 Ne4 26. Nd4 Bxd4 27. exd4 Re6 28. Ra5 Rd5 29. f3 Nf6 30. Kf2 Nd7 31. Bc1 Nb8 32. Bf4 Nc6 1/2-1/2

[Event "NCA-ch Seniors"]
[Site "Managua"]
[Date "2016.08.06"]
[Round "4"]
[White "Guevara, Martin"]
[Black "Rios, Edgard"]
[Result "1-0"]
[WhiteElo "2177"]
[BlackElo "1864"]
[PlyCount "47"]
[EventDate "2016.08.06"]
[EventType "swiss"]
[EventRounds "9"]
[EventCountry "NCA"]
[SourceTitle "EXT 2018"]
[Source "ChessBase"]
[SourceDate "2017.10.13"]
[SourceVersion "1"]
[SourceVersionDate "2017.10.13"]
[SourceQuality "1"]

1. d4 d5 2. c4 Nc6 3. Nc3 Nf6 4. cxd5 Nxd5 5. e4 Nxc3 6. bxc3 e6 7. Nf3 Be7 8. Bd3 Bd7 9. 0-0 b6 10. Qe2 Na5 11. c4 Bf6 12. e5 Be7 13. d5 Nb7 14. Nd4 Nc5 15. Bc2 Ba4 16. Bxa4+ Nxa4 17. Qg4 exd5 18. Qxg7 Rf8 19. Nc6 Qd7 20. cxd5 Qxd5 21. Nxe7 Kxe7 22. Bg5+ Ke8 23. e6 fxe6 24. Qe7# 1-0

[Event "Managua Ramirez de Arellano Memorial"]
[Site "Managua"]
[Date "2016.07.24"]
[Round "6"]
[White "Rocha, Maximiliano"]
[Black "Guevara, Martin"]
[Result "1/2-1/2"]
[WhiteElo "2134"]
[BlackElo "2203"]
[PlyCount "65"]
[EventDate "2016.07.16"]
[EventType "swiss"]
[EventRounds "9"]
[EventCountry "NCA"]
[SourceTitle "EXT 2018"]
[Source "ChessBase"]
[SourceDate "2017.10.13"]
[SourceVersion "1"]
[SourceVersionDate "2017.10.13"]
[SourceQuality "1"]

1. e4 e5 2. Nf3 Nc6 3. Bb5 Nf6 4. 0-0 Nxe4 5. Re1 Nd6 6. Bxc6 dxc6 7. Rxe5+ Be7 8. d4 0-0 9. c3 Bf6 10. Re1 Re8 11. Bf4 Bg4 12. Nbd2 Rxe1+ 13. Qxe1 Qe7 14. Qxe7 Bxe7 15. Re1 Kf8 16. Kf1 Re8 17. h3 Be6 18. b3 a5 19. Ng5 Bf5 20. g4 Bxg5 21. Bxg5 Rxe1+ 22. Kxe1 Bd3 23. Bd8 Ne8 24. Nf3 Bb1 25. a3 Bc2 26. b4 axb4 27. axb4 b6 28. Ne5 Ba4 29. Kd2 f6 30. Nd3 Kf7 31. Nf4 g5 32. Nh5 Ke6 33. f4 1/2-1/2

[Event "NCA-ch final"]
[Site "Managua"]
[Date "2016.04.16"]
[Round "7"]
[White "Guevara, Martin"]
[Black "Ortiz, Marcos"]
[Result "1/2-1/2"]
[WhiteElo "2205"]
[BlackElo "2200"]
[PlyCount "67"]
[EventDate "2016.04.02"]
[EventType "tourn"]
[EventRounds "11"]
[EventCountry "NCA"]
[SourceTitle "EXT 2018"]
[Source "ChessBase"]
[SourceDate "2017.10.13"]
[SourceVersion "1"]
[SourceVersionDate "2017.10.13"]
[SourceQuality "1"]

1. e4 c5 2. Nf3 d6 3. c3 Nf6 4. Bd3 Nc6 5. h3 d5 6. e5 c4 7. Bc2 Nd7 8. Qe2 Qc7 9. e6 fxe6 10. Ng5 Nde5 11. Nxh7 Nd3+ 12. Bxd3 cxd3 13. Qh5+ Kd8 14. 0-0 Qf4 15. Re1 e5 16. g3 Qf5 17. Qxf5 Bxf5 18. Ng5 Ke8 19. g4 Bg6 20. b3 Kd7 21. Ba3 e6 22. f4 e4 23. Kh2 a6 24. Kg3 b5 25. h4 b4 26. cxb4 Nd4 27. Bb2 Ne2+ 28. Rxe2 dxe2 29. Nc3 Bxb4 30. h5 Bxh5 31. gxh5 Rxh5 32. Nxe2 Rxg5+ 33. fxg5 Bxd2 34. g6 1/2-1/2

[Event "NCA-ch final"]
[Site "Managua"]
[Date "2016.04.09"]
[Round "4"]
[White "Bravo, William"]
[Black "Guevara, Martin"]
[Result "1/2-1/2"]
[WhiteElo "2200"]
[BlackElo "2205"]
[PlyCount "63"]
[EventDate "2016.04.02"]
[EventType "tourn"]
[EventRounds "11"]
[EventCountry "NCA"]
[SourceTitle "EXT 2018"]
[Source "ChessBase"]
[SourceDate "2017.10.13"]
[SourceVersion "1"]
[SourceVersionDate "2017.10.13"]
[SourceQuality "1"]

1. e4 e5 2. Nf3 Nf6 3. Nxe5 d6 4. Nf3 Nxe4 5. Qe2 Qe7 6. d3 Nc5 7. Bg5 Qxe2+ 8. Bxe2 Be7 9. Bxe7 Kxe7 10. Nc3 c6 11. 0-0-0 Bg4 12. Rhe1 Re8 13. h3 Bxf3 14. Bxf3+ Kd8 15. Kd2 Nbd7 16. Rxe8+ Kxe8 17. Re1+ Kf8 18. d4 Na6 19. d5 Ne5 20. Be4 Nc5 21. dxc6 bxc6 22. f4 Nc4+ 23. Kc1 Re8 24. Re2 a5 25. Bd3 Nxd3+ 26. cxd3 Nb6 27. Rxe8+ Kxe8 28. Kd2 Kd7 29. Ke3 f5 30. Kf3 Ke6 31. b3 Kf6 32. Ke2 1/2-1/2

[Event "Managua Sub zt 2.3"]
[Site "Managua"]
[Date "2014.05.02"]
[Round "8"]
[White "Guevara, Martin"]
[Black "Granados Ortiz, Fidel"]
[Result "1-0"]
[WhiteElo "2213"]
[BlackElo "1799"]
[PlyCount "89"]
[EventDate "2014.04.27"]
[EventType "swiss"]
[EventRounds "9"]
[EventCountry "NCA"]
[SourceTitle "EXT 2015"]
[Source "ChessBase"]
[SourceDate "2014.11.20"]
[SourceVersion "1"]
[SourceVersionDate "2014.11.20"]
[SourceQuality "1"]

1. d4 d5 2. c4 c6 3. Nf3 Nf6 4. Qb3 e6 5. g3 Nbd7 6. Bg2 Bd6 7. 0-0 0-0 8. Rd1 Re8 9. Nc3 Qc7 10. Bg5 h6 11. Bxf6 Nxf6 12. Rac1 dxc4 13. Qxc4 e5 14. dxe5 Bxe5 15. Nxe5 Qxe5 16. Qb4 Qe7 17. Qxe7 Rxe7 18. e4 Bg4 19. f3 Be6 20. f4 Bg4 21. Rd2 Rd7 22. Rxd7 Nxd7 23. h3 Be6 24. Rd1 Nb6 25. f5 Bc4 26. b3 Ba6 27. a4 Rc8 28. Kf2 Kf8 29. Ke3 Ke7 30. Rd4 c5 31. Rd1 Rd8 32. Rxd8 Kxd8 33. e5 Kd7 34. h4 Na8 35. Ne4 b6 36. f6 g6 37. Nxc5+ bxc5 38. Bxa8 Bc8 39. Bd5 Ke8 40. a5 Bf5 41. Kf4 Bd7 42. g4 Bc8 43. g5 h5 44. Ke3 Ba6 45. Kd2 1-0

[Event "NCA-ch"]
[Site "Managua"]
[Date "2011.09.03"]
[Round "6"]
[White "Guevara, Martin"]
[Black "Sanchez, Ramon"]
[Result "1-0"]
[WhiteElo "2202"]
[BlackElo "2036"]
[PlyCount "69"]
[EventDate "2011.08.20"]
[EventType "swiss"]
[EventRounds "9"]
[EventCountry "NCA"]
[SourceTitle "CBM 144 Extra"]
[Source "ChessBase"]
[SourceDate "2011.10.28"]
[SourceVersion "1"]
[SourceVersionDate "2011.10.28"]
[SourceQuality "1"]

1. e4 g6 2. d4 Bg7 3. Nc3 c6 4. h4 h5 5. Bc4 b5 6. Bb3 Nf6 7. e5 Ng4 8. Nf3 0-0 9. Bf4 d5 10. Qd2 Na6 11. Nd1 Nc7 12. Ne3 Ne6 13. Nxg4 Nxf4 14. Qxf4 Bxg4 15. Nh2 Bf5 16. g4 hxg4 17. Nxg4 f6 18. exf6 Bxg4 19. Qxg4 Rxf6 20. 0-0-0 Qd6 21. c3 Raf8 22. h5 Bh6+ 23. Kb1 g5 24. Rde1 a5 25. Re5 b4 26. cxb4 Qxb4 27. Bc2 Qb7 28. f4 Kh8 29. fxg5 Rf1+ 30. Re1 Rxe1+ 31. Rxe1 Qb4 32. Rd1 Rb8 33. b3 Bg7 34. h6 Bxd4 35. Qf5 1-0

[Event "NCA-ch"]
[Site "Managua"]
[Date "2011.08.27"]
[Round "4"]
[White "Guevara, Martin"]
[Black "Rocha, Maximiliano"]
[Result "1/2-1/2"]
[WhiteElo "2202"]
[BlackElo "2217"]
[PlyCount "39"]
[EventDate "2011.08.20"]
[EventType "swiss"]
[EventRounds "9"]
[EventCountry "NCA"]
[SourceTitle "CBM 144 Extra"]
[Source "ChessBase"]
[SourceDate "2011.10.28"]
[SourceVersion "1"]
[SourceVersionDate "2011.10.28"]
[SourceQuality "1"]

1. e4 c5 2. Nf3 d6 3. c3 Nf6 4. Bb5+ Bd7 5. Qe2 Qc7 6. 0-0 e6 7. d4 cxd4 8. cxd4 d5 9. e5 Bxb5 10. Qxb5+ Nfd7 11. Nc3 Nc6 12. Be3 Be7 13. Rad1 a6 14. Qd3 b5 15. Ne2 Nb6 16. Bg5 Nc4 17. Qb1 Rc8 18. Bxe7 Qxe7 19. b3 Na3 20. Qb2 1/2-1/2